24 Ways Not to Plant a 'Seed' Quiz Stats

 Plays Quiz Updated Apr 10, 2020

     
Support Sporcle.
Go Orange.
Score 0/24 Timer 02:00
4 Plays Today
% Correct
Feed
96.5%
Need
96.2%
Deed
95.3%
Reed
95.3%
Heed
95.2%
Weed
94.6%
Teed
93.3%
Meed
91.7%
Geed
89.9%
Peed
89.8%
Sled
85.3%
Jeed
84.7%
% Correct
Sped
83.6%
Seen
81.8%
Seem
81.3%
Seep
81.1%
Seer
79.5%
Seel
79%
Shed
77.8%
Seek
73.6%
Sees
72.2%
Sned
71.6%
Send
66.7%
Sued
56.1%

From the Vault

Fictional Cats by Picture

by THEJMAN

Watch out, this quiz might give you a hairball.
Remove Ads.
Support Sporcle.
Get the best of Sporcle when you Go Orange. This ad-free experience offers more features, more stats, and more fun while also helping to support Sporcle. Thank you for becoming a member.

Show Comments

Extras

Top Quizzes Today


Score Distribution

Your Account Isn't Verified!

In order to create a playlist on Sporcle, you need to verify the email address you used during registration. Go to your Sporcle Settings to finish the process.

Report this User

Report this user for behavior that violates our Community Guidelines.

Details: